000 00620nam a22002177a 4500
003 UA-OsUOA
001 80916
007 ta
008 20111228b un ||||| |||| 00| 0 ukr d
100 _aТищенко О.
090 _a81
_bТ47
942 _cSA
040 _aUA-OsUOA
_bukr
_cUA-OsUOA
_dUA-OsUOA
245 _aМова інтернет-спілкування: стиль, норма, освіта
300 _aС.35-40
955 _a0
041 _aukr
080 _a81
773 0 _w80912
650 7 _a8 Мовознавство. Художня література. Літературознавство
_2UDC
999 _c367225
_d367225